Movies Quiz

Random Movies or Clickable Quiz

Bubba Gump Shrimp Click Quiz Stats

 Plays Quiz not verified by Sporcle

Score 0/21 Timer 03:00
0 Plays Today
% Correct
Shrimp Gumbo
82.7%
Boiled Shrimp
80.6%
Broiled Shrimp
80.6%
Barbecue Shrimp
79.9%
Deep Fried Shrimp
75.5%
Baked Shrimp
74.1%
Sauteed Shrimp
73.4%
Shrimp Stew
72.7%
Coconut Shrimp
71.9%
Shrimp Creole
71.2%
Shrimp Sandwich
69.1%
% Correct
Shrimp Soup
68.3%
Shrimp salad
68.3%
Pan Fried Shrimp
64.7%
Stir-Fried Shrimp
64%
Shrimp-kabobs
62.6%
Pepper Shrimp
60.4%
Lemon Shrimp
59.7%
Shrimp and Potatoes
58.3%
Shrimp Burger
57.6%
Pineapple Shrimp
56.1%

You're not logged in!

Compare scores with friends on all Sporcle quizzes.
OR
Log In

Sporcle TV

Today on Sporcle TV


Watch our educational content, quiz creation guides, and fun videos on Sporcle TV.

Show Comments

Extras

Top Quizzes Today


Score Distribution

Your Account Isn't Verified!

In order to create a playlist on Sporcle, you need to verify the email address you used during registration. Go to your Sporcle Settings to finish the process.

Report this User

Report this user for behavior that violates our Community Guidelines.

Details: